000 00739cam a22002413a 4500
001 444
003 PGUSA
005 20140828082948.0
008 960201s1996||||xxu|||||s|||||000 | eng d
040 _aPGUSA
_beng
042 _adc
050 4 _aHB
100 1 _aProudhon, P.-J.
_q(Pierre-Joseph),
_d1809-1865
245 1 0 _aSystem of Economical Contradictions; Or, The Philosophy of Misery
_h[electronic resource] /
_cP.-J. Proudhon
260 _bProject Gutenberg,
_c1996
506 _aPublic domain in the USA.
516 _aElectronic text
653 _aEconomics
740 0 _aSystème des contradictions économiques. English
830 0 _aProject Gutenberg
_v444
856 4 0 _uhttp://www.gutenberg.org/ebooks/444
942 _cEB
999 _c229795
_d229795